Social Inequality / (Record no. 731)

MARC details
000 -LEADER
fixed length control field 01052nam a22002897a 4500
001 - CONTROL NUMBER
control field 22408654
005 - DATE AND TIME OF LATEST TRANSACTION
control field 20231103072400.0
008 - FIXED-LENGTH DATA ELEMENTS--GENERAL INFORMATION
fixed length control field 231103b |||||||| |||| 00| 0 eng d
010 ## - LIBRARY OF CONGRESS CONTROL NUMBER
LC control number 2022932090
020 ## - INTERNATIONAL STANDARD BOOK NUMBER
International Standard Book Number 9781529768510
Qualifying information (paperback)
040 ## - CATALOGING SOURCE
Original cataloging agency DLC
Language of cataloging eng
Description conventions rda
Transcribing agency KMU
Modifying agency KMU
042 ## - AUTHENTICATION CODE
Authentication code pcc
050 ## - LIBRARY OF CONGRESS CALL NUMBER
Classification number HM 821
100 1# - MAIN ENTRY--PERSONAL NAME
Personal name Warwick-Booth, Louise,
Relator term author.
245 10 - TITLE STATEMENT
Title Social Inequality /
Statement of responsibility, etc. Louise Warwick-Booth.
250 ## - EDITION STATEMENT
Edition statement Third.
263 ## - PROJECTED PUBLICATION DATE
Projected publication date 2204
264 #1 - PRODUCTION, PUBLICATION, DISTRIBUTION, MANUFACTURE, AND COPYRIGHT NOTICE
Place of production, publication, distribution, manufacture London :
Name of producer, publisher, distributor, manufacturer SAGE Publications,
Date of production, publication, distribution, manufacture, or copyright notice 2022.
300 ## - PHYSICAL DESCRIPTION
Extent xviii,405 p.:
Dimensions 23 cm
336 ## - CONTENT TYPE
Content type term text
Content type code txt
Source rdacontent
337 ## - MEDIA TYPE
Media type term unmediated
Media type code n
Source rdamedia
338 ## - CARRIER TYPE
Carrier type term volume
Carrier type code nc
Source rdacarrier
520 ## - SUMMARY, ETC.
Summary, etc. "This book provides up to date discussion and evidence about inequalities, social divisions and stratification. Its innovative style engages readers and encourages them to reflect upon the many dimensions of social inequality"--
Assigning source Provided by publisher.
906 ## - LOCAL DATA ELEMENT F, LDF (RLIN)
a 0
b ibc
c orignew
d 2
e epcn
f 20
g y-gencatlg
942 ## - ADDED ENTRY ELEMENTS (KOHA)
Source of classification or shelving scheme Library of Congress Classification
Koha item type Non-Fiction
Suppress in OPAC No
Holdings
Withdrawn status Lost status Source of classification or shelving scheme Damaged status Not for loan Collection Home library Current library Shelving location Date acquired Source of acquisition Total Checkouts Full call number Barcode Date last seen Price effective from Koha item type
    Library of Congress Classification     Non-fiction Kapasa Makasa University Kapasa Makasa University Open Access 03.11.2023 ZLS   HM 821 War 300652 03.11.2023 03.11.2023 Non-Fiction